000 00567nam a22001937a 4500
003 0
005 20230918084358.0
008 230918b xxu||||| |||| 00| 0 eng d
020 _a978-1-78929-099-8
050 _aPR 1174
_b.M38 2019
100 _aMatthews, Cerys
245 _aTell me the truth about life
_cCerys Matthews
260 _aLondon
_bMichael O'Mara Books Limited
_cc2019.
300 _a197 pages ;
_c21cm.
500 _aPoem-anthology.
504 _aIncludes bibliographical references and index.
654 _aPoem-anthology.
942 _2lcc
_cBK
999 _c365305
_d365305